| 000 | 00698nam a22001937a 4500 | ||
|---|---|---|---|
| 999 |
_c182536 _d182536 |
||
| 005 | 20211118172601.0 | ||
| 010 | _aUR-11330 | ||
| 020 |
_c400.00 _a9788194848172 |
||
| 035 | _aU-9885 | ||
| 037 | _bDBAD/PUB | ||
| 082 | _a841 | ||
| 100 | _aسر فر ا ز حسين ا نصا ر ی متخلص فر ا ز | ||
| 245 |
_aحر ف حر ف آ ينہ _cسر فر ا ز حسين ا نصا ر ی متخلص فر ا ز |
||
| 246 |
_aHarf Harf Aaina (Urdu) _bby Sarfaraz Hussain Faraz |
||
| 260 |
_aN.Delhi _c2020 ء _bEducational Publishing House |
||
| 270 |
_aD1/16,Ansari Road,Darya Ganj, _bNew Delhi _e110002 _l - |
||
| 300 |
_a320 ص _c22 Cm(Hb) |
||
| 942 |
_2ddc _cUR _h841 _mا ن ص |
||